Biblioteca Parlamentaria
Catálogo en línea

Paul Carrasco: La Unidad sigue pero no se ha llegado a consensos (Registro nro. 35343)

000 -CABECERA
Campo de control interno 01647nam a22002057a 4500
005 - FECHA Y HORA DE LA CATALOGACION
Campo de control 20161005154511.0
008 - ELEMENTOS DE LONGITUD FIJA - INFORMACION
Elementos de Longitud Fija - Informaci 161005b xxu||||| |||| 00| 0 eng d
040 ## - ORIGEN DE LA CATALOGACION
Origen de la Catalogación ANE
041 ## - CODIGO DE LENGUAJE
Código de lenguaje del texto Es
082 ## - NUMERO DE CLASIFICACION DECIMAL DEWEY
1ra. Clasificación TV-4313
100 ## - ENTREVISTADO
Entrevistado Carrasco, Paúl
Rol del entrevistado líder del movimiento Juntos Podemos
245 ## - TÍTULO GENERAL
Título Paul Carrasco: La Unidad sigue pero no se ha llegado a consensos
260 ## - EDITORIAL
Ciudad Cuenca
Televisora que emite el programa Telerama
Fecha del Programa 2016-10-05
300 ## - DESCRIPCION
Duración en minutos, horas (del programa) p.
520 ## - RESUMEN
Resumen El líder del movimiento Juntos Podemos, mencionó que la Unidad sigue pero que no son parte de la inclusión, ya que el proceso de la democracia del país debe saber que hay diálogo y así llegar a un consenso, “Cynthia Viteri no ha crecido en estos tres meses y esto es algo que sabe Jaime Nebot, se pidió un análisis que nunca se hizo” afirmó. Dijo también que es necesario construir un proyecto de unidad que vaya más allá, “si no tienen los votos suficientes para ganar al Correismo no se podrá hacer ningun cambio y las propuestas que dan otros políticos y candidatos son muy interesantes” concluyó.

09:00 Ecuador Inmediato Paúl Carrasco admite que quiso ser binomio de Viteri, pero desmiente que haya sido un día antes de su anuncio


650 ## - DESCRIPTORES - TEMAS
Temas - Descriptores desacuerdo alejamiento/prefecto Azuay/Telerama/política Ecuador/elcciones presidenciales 2017/La Unidad/parte inclusión/proceso democracia/diálogo consenso/candidata presidencial/alcalde Guayaquil/nunca análisis/construir proyecto unidad/busca otras propuestas/otros políticos candidatos/
700 ## - Otros entrevistados
Otros entrevistados Viteri, Cynthia
Rol de otros entrevistados candidata presidencial
700 ## - Otros entrevistados
Otros entrevistados Nebot, Jaime
Rol de otros entrevistados alcalde de Guayaquil
942 ## - ELEMENTOS DE KOHA
Esquema de Clasificaci
Tipo de Documento Material Multimedia (radio y televisión)
Catalogador IES.
Existencias
Withdrawn status Lost status Fuente de Clasificaci Damaged status Not for loan Ubicaci Biblioteca Fecha de Adquisición Signatura Topogr Código de barras Date last seen Price effective from Tipo de Item
          Biblioteca Asamblea Nacional Biblioteca Asamblea Nacional 2016-10-05 TV-4313 TV-4313 2016-10-05 2016-10-05 Material Multimedia (radio y televisión)
Dirección: Av. 6 de Diciembre y Piedrahita | Quito - Ecuador
Teléfonos: 593-23991000 Ext: 1147/1148
Correo:
archivo.biblioteca@asambleanacional.gob.ec

Soporte: FusionSolutions Cia. Ltda
archivobiblioteca white

Con tecnología Koha